What lies on the other side?

Bibliographic Details
Main Author: Weigelt, Udo, 1960- (Author)
Other Authors: Dusíková, Maja, 1946- (Illustrator), James, J. Alison, 1962- (Translator)
Format: Book
Language:English
German
PhysicalDescription:[24] nečíslovaných strán farebné ilustrácie 30 cm
Published: New York North-South Books c2002
ISBN:0735816778
0735816786
Edition:1st ed.
Subjects:

MARC

LEADER 00000cam a2200000 a 4500
001 vtls001466852
003 SK-MaSNL
005 20260301203511.0
008 240226s2002 xxuaf br 000 jdeng
015 |a SNBZSA2004-00073 
020 |a 0735816778  |q (viazané) 
020 |a 0735816786 
035 |a SNK000422157 
035 |a urn:nbn:sk:snk-amtidf 
035 |a urn:nbn:sk:snk-am00c4x2 
035 |a A3D3F052-36ED-4EBE-A2A0-6947F9F3FC11 
040 |a SNK  |b slo  |c SNK  |e AACR2 
041 1 |a eng  |h ger 
044 |a xxu  |c US 
072 7 |a 821.112.2-3  |x Nemecká próza, nemecky písaná  |2 konspekt 
072 7 |a 821-93  |x Literatúra pre deti a mládež (beletria)  |2 konspekt 
080 |a 821.112.2-34  |2 2011 
080 |a 82-34:808.1  |2 2011 
080 |a 82-93-053.4/.5  |2 2011 
080 |a (0.025.2)  |2 2011 
100 1 |a Weigelt, Udo,  |d 1960-  |4 aut  |9 238258 
240 1 0 |a Stimmt das alles was man hört!  |l Anglicky 
245 1 0 |a What lies on the other side?  |c by Udo Weigelt ; illustrated by Maja Dusíková ; translated by J. Alison James 
250 |a 1st ed. 
260 |a New York  |b North-South Books  |c c2002 
300 |a [24] nečíslovaných strán  |b farebné ilustrácie  |c 30 cm 
500 |a Farebné ilustrácie na titulnej strane a na predsádkach 
500 |a Obsahuje biografické údaje o autorovi a ilustrátorke 
655 7 |a nemecké rozprávky  |2 SNKPH  |9 70666 
655 7 |a autorské rozprávky  |2 SNKPH  |9 70727 
655 7 |a literatúra pre deti  |2 SNKPH  |9 87135 
655 7 |a ilustrované publikácie  |2 SNKPH  |9 109406 
700 1 |a Dusíková, Maja,  |d 1946-  |4 ill  |9 194505 
700 1 |a James, J. Alison,  |d 1962-  |4 trl  |9 238259 
852 |a Slovenská národná knižnica 
919 |a 0-7358-1677-8 
919 |a 0-7358-1678-6 
954 |a beletria cudzojazyčná (svetová)  |2 lita 
954 |a ilustrované knihy, leporelá, komiksy cudzojazyčné (svetové)  |2 lita 
958 |a TL 
958 |a DB 
958 |a DE 
958 |a LX 
958 |a OND 
958 |a UP 
958 |a ZS 
999 |c 902848  |d 904778 
952 |a SNK  |b SNK  |y PREZ  |7 0  |p 17A0414750  |o snkSB 68132  |i snkV 309/2004  |g 21.74  |0 0  |1 0  |4 0  |d 2004-01-22  |f 1  |l 0  |r 2025-04-22 00:00:00  |w 2026-02-24